000 00737nam a2200205 i 4500
001 172528
003 ES-MaACL
005 20230906214938.0
008 090715s1902 fr |||| | fre d
080 _a821.133.1-2"18"
100 0 _aRostand, Edmond.
_999921
245 1 4 _aLes romanesques
_b: comédie en trois actes, en vers /
_cEdmond Rostand.
260 _aParis :
_bÈugene Fasquelle,
_c1902.
300 _a72 p. ;
_c19 cm.
490 1 _aThéatre d'Edmond Rostand
518 _aRepresentada por primera vez en la Comédie Française el lunes 21 de Mayo de 1894.
830 0 _aThéatre d'Edmond Rostand
_9223358
852 _aES-MaACL
_jE-12847
_9R.139476
_z.- Biblioteca de Jacinto Martínez Lacalle
999 _c172528
_d172528